Movie Alphabet T - Statistics

General Stats
  • This quiz has been taken 52 times
  • The average score is 10 of 16
Answer Stats
Picture Answer % Correct
Toy Story
100%
The Terminator
98%
Titanic
98%
Top Gun
96%
The Truman Show
91%
Twilight
91%
12 Angry Men
61%
The Thing
57%
To Kill a Mockingbird
52%
The Texas Chain Saw Massacre
48%
True Lies
43%
2001: A Space Odyssey
41%
Thunderball
41%
Tomorrow Never Dies
20%
They Live
17%
The Time Machine
15%
No matching quizzes found
Score Distribution
Percent of People with Each Score
Percentile by Number Answered
Your Score History
You have not taken this quiz